000 02774njm0a22004451 4500
001 RU\NLR\ONIZ\224115
005 20250708192855.0
035 _a(NLR Aleph) 011806948
035 _aRU\NLR\ONIZ\GALA\5000033390\20180921112607
071 0 0 _aG.C. -2-24118; G.C. 2-24115
090 _a13283689
_c13283689
100 _a20180921f19001999|||y0rusy50 ca
102 _aRU
126 _aaduxdxu ux
_bxxx
127 _a000016
135 _ahonoannnanndn
200 1 _aПесня Зорики
_bЗвукозапись
_aТрио Зорики, Сандора и Михаля
_eиз оп-ты "Цыганская любовь"
_fФ. Легар
_gисполн.: А. Г. Пекарская, сопрано, В. А. Сабинин, тенор, М. И. Вавич, бас, оркестр
210 _aRiga
_cGramophone concert record
_d[19---]
215 _a1 рп(16 мин): 78 об/мин, моно; 25 см, в конв.
423 0 _12001#$aДуэтъ Илони и Драготина$eиз оп-ты "Цыганская любовь"$fФ. Легар$gисполн. В. М. Шувалова и Н. Ф. Монахов
_1686##$aЩ942.19-073(4А)$vLBC/SL$2rubbk
_1702#1$9z02790$aШувалова$bВ. (. М.$gВера (Вероника) Михайловна$f1885-1950$4590$4vso$7ca
_1702#1$9z03790$aМонахов$bН. Ф.$gНиколай Федорович$f1875-1936$4590$4vbr$7ca
_1790#1$9z02702$aŠuvalova$bV. (.$gVera (Veronica)$f1885-?$4590$4vso$7ba
_1790#1$9z03702$aMonachov$bN.$gNikolaj$f1875-1936$4590$4vbr$7ba
_tДуэтъ Илони и Драготина
500 0 0 _aЦыганская любовь
_iПесня Зорики, Трио и Дуэт Илони и Драготина
_bЗвукозапись
_lоперетта
_rсопрано, тенор и баритон
606 1 _aОперетта зарубежная
_xЗвукозапись
_yЧехия
_z20 в.
_2nlr_sh
686 _aЩ943.1-073(4А)
_vLBC/SL
_2rubbk
686 _aЩ942.13-073(4А)
_vLBC/SL
_2rubbk
700 1 _9z01790
_aЛегар
_bФ.
_f1870-1948
_gФранц
_4230
_7ca
702 1 _9z10790
_aВавич
_bМ.И.
_f1881-1931
_gМихаил Иванович
_4590
_4vbs
_7ca
702 1 _9z11790
_aСабинин
_bВ. А.
_f1885-1930
_gВладимир Александрович
_4590
_4vte
_7ca
702 1 _aПекарская
_bА. Г.
_f?
_gА. Г.
_4590
_4vso
_7ca
790 1 _9z01700
_aLehár
_bF.
_f1870-1948
_gFranz
_4230
_7ba
790 1 _9z10702
_aVavič
_bM.
_f1881-1931
_gMichael
_4590
_4vbs
_7ba
790 1 _9z11702
_aSabinin
_bV.
_f1885-1930
_gVladimir
_4590
_4vte
_7ba
801 0 _aRU
_bNLR
_c20180921
_gPSBO
801 1 _aRU
_bNLR
_c20180921
_2rusmarc
801 2 _aRU
_bNLR
_c20180921
852 _aNLR
_bМг
_j2к/1838
_p7151
_t1
942 _cREC
980 _aNB
980 _aONIZ